[Event "ch-Paris Open"]
[Site "Paris FRA"]
[Date "2001.07.23"]
[Round "3"]
[White "Chanoine,G"]
[Black "Santo Roman,M"]
[Result "1-0"]
[WhiteElo "2150"]
[BlackElo "2426"]

1.e4 c5 2.Nf3 Nc6 3.d4 cxd4 4.Nxd4 Nf6 5.Nc3 d6 6.Bg5 e6 7.Qd2 a6 8.O-O-O h6
9.Nxc6 bxc6 10.Bf4 d5 11.Qe3 Qa5 12.Be2 Bb4 13.Be5 Bxc3 14.Bxc3 Qxa2 15.Bf3 O-O
16.b3 dxe4 17.Bxe4 Nd5 18.Bxd5 exd5 19.Rhe1 Bf5 20.Bb2 Bg6 21.Qc3 f6 22.Rd4  1-0

[Event "ch-Paris Open"]
[Site "Paris FRA"]
[Date "2001.07.23"]
[Round "3"]
[White "Draoui,N"]
[Black "Miroshnichenko,E"]
[Result "0-1"]
[WhiteElo "2283"]
[BlackElo "2539"]

1.e4 c5 2.Nf3 d6 3.d4 cxd4 4.Nxd4 Nf6 5.Nc3 Nc6 6.Bg5 Bd7 7.Qd2 Rc8 8.O-O-O Nxd4
9.Qxd4 Qa5 10.f4 Rxc3 11.bxc3 e5 12.Qb4 Qxb4 13.cxb4 Nxe4 14.Bh4 g5 15.Bd3 Nc3
16.Bxg5 Nxd1 17.Rxd1 Be7 18.Bh6 Rg8 19.g3 f5 20.fxe5 dxe5 21.Bc4 Rg6 22.Be3 Rf6
23.a3 b6 24.Be2 Be6 25.Bg5 Rg6 26.Bd2 Rg8 27.Bc3 Bg5+ 28.Kb2 e4 29.Be5 Ke7
30.Bd6+ Kf7 31.c4 Rc8 32.Kb3 b5 33.Bc5 Be7 34.Rd4 Bxc5 35.bxc5 bxc4+ 36.Bxc4 Rxc5
37.Rd7+ Kf6 38.Bxe6 Kxe6 39.Rxh7 e3 40.Rh8 Kd7 41.Rh7+ Kd6 42.Rh6+ Kd5 43.Rh7 Ke4
44.Kb4 Re5  0-1

[Event "XXI Open"]
[Site "Cullera ESP"]
[Date "2001.07.24"]
[Round "6"]
[White "Castillo Gallego,S"]
[Black "Vera,R"]
[Result "0-1"]
[WhiteElo "2234"]
[BlackElo "2563"]

1.e4 c5 2.Nf3 d6 3.d4 cxd4 4.Nxd4 Nf6 5.Nc3 Nc6 6.Bg5 e6 7.Qd2 a6 8.O-O-O Be7
9.f3 Qc7 10.g4 Na5 11.Nb3 b5 12.Nxa5 Qxa5 13.Kb1 b4 14.Ne2 Nxe4 15.fxe4 Qxg5
16.Qxg5 Bxg5 17.Rxd6 Ke7 18.Rd3 a5 19.h4 Bf6 20.Bg2 Bb7 21.Rhd1 Rad8 22.g5 Be5
23.Nd4 h6 24.c3 hxg5 25.hxg5 bxc3 26.bxc3 Rd6 27.R1d2 Rc8 28.Nb5 Rxd3 29.Rxd3 Rc5
30.a4 Rc4 31.Nd4 Rxa4 32.Rd2 Rc4 33.Kb2 Bf4 34.Re2 Bxg5 35.Nf5+ Kd7 36.Nxg7 Rc5  0-1

[Event "Open"]
[Site "Novosibirsk RUS"]
[Date "2001.07.24"]
[Round "6"]
[White "Abashev,D"]
[Black "Pak,K"]
[Result "1/2-1/2"]
[WhiteElo "2395"]
[BlackElo "2213"]

1.e4 c5 2.Nf3 d6 3.d4 cxd4 4.Nxd4 Nf6 5.Nc3 Nc6 6.Bg5 Qb6 7.Nb3 e6 8.Qd2 a6
9.O-O-O Qc7 10.f4 b5 11.Bd3 Be7 12.Kb1 O-O 13.g4 b4 14.Ne2 a5 15.Rhg1 a4
16.Nbc1  1/2-1/2

[Event "EuChJun Girls"]
[Site "Patras GRE"]
[Date "2001.07.25"]
[Round "9"]
[White "Matras,A"]
[Black "Matnadze,A"]
[Result "0-1"]
[WhiteElo "2218"]
[BlackElo "2327"]

1.e4 c5 2.Nf3 d6 3.d4 cxd4 4.Nxd4 Nf6 5.Nc3 Nc6 6.Bg5 Bd7 7.Qd2 Rc8 8.O-O-O Nxd4
9.Qxd4 Qa5 10.Bd2 e5 11.Qd3 a6 12.Kb1 Be6 13.Nd5 Qd8 14.Nxf6+ Qxf6 15.Qg3 Qg6
16.Bd3 Qxg3 17.hxg3 Be7 18.f3 Bc4 19.Bb4 Kd7 20.b3 Bxd3 21.Rxd3 b5 22.Rhd1 Rc6
23.Rd5 Rhc8 24.R1d2 f6 25.g4 Ra8 26.Ba5 h6 27.g3 Bd8 28.Bb4 Bc7 29.f4 a5
30.Ba3 b4 31.Bb2 Ke7 32.Rb5 Rb6 33.Rdd5 Rxb5 34.Rxb5 Kd7 35.c4 exf4 36.gxf4 Re8
37.a3 bxa3 38.Bxa3 Rxe4 39.Bc1 g5 40.Rf5 Bd8 41.Kc2 Re2+ 42.Kd3 Rg2 43.fxg5 hxg5
44.Rd5 Rg3+ 45.Kc2 Rxg4 46.c5 a4 47.Rxd6+ Kc8 48.bxa4 Rc4+ 49.Kb2 Rxa4 50.Kb3 Re4
51.Kc3 Bc7 52.Rd5 Bf4 53.Bxf4 Rxf4 54.Kd3 Kc7 55.Rd6 g4 56.Ke3 Rf3+ 57.Ke2 f5
58.Rf6 f4 59.c6 Re3+ 60.Kf1 Re4 61.Kf2 Rc4 62.Rg6 Rc2+ 63.Kg1 Rc1+ 64.Kg2 Rc2+
65.Kg1 g3 66.Rf6 Rc4 67.Kg2 Rc2+ 68.Kg1 Rc4 69.Kg2 Kd8 70.Kf3 Ke7 71.Rg6 Kf7
72.Rd6 Rc1 73.Rd2 Rc4 74.Rd6 Ke7 75.Rg6 Kd8 76.Rf6 Kc7 77.Rg6 Kb6 78.Rf6 Rd4
79.Rg6 Ra4 80.Rf6 Rc4 81.Rd6 Rxc6 82.Rd4 Rf6 83.Rd5 Rg6 84.Rd2 Kc5 85.Rg2 Rf6
86.Rd2 Kc4 87.Rd8 Rg6 88.Kg2 f3+  0-1

[Event "MTO"]
[Site "Biel SUI"]
[Date "2001.07.26"]
[Round "4"]
[White "Efimenko,Z"]
[Black "Gershon,A"]
[Result "1/2-1/2"]
[WhiteElo "2495"]
[BlackElo "2553"]

1.e4 c5 2.Nf3 Nc6 3.d4 cxd4 4.Nxd4 Nf6 5.Nc3 d6 6.Bg5 e6 7.Qd2 Be7 8.O-O-O O-O
9.f4 h6 10.Bh4 Nxd4 11.Qxd4 Qa5 12.Bc4 e5 13.fxe5 dxe5 14.Qd3 Bg4 15.Bxf6 Bxf6
16.Rdf1 Bh4 17.Kb1 Rac8 18.Bb3 Qc5 19.g3 Be7 20.h4 a5 21.Nd5 Kh8 22.Ne3 Rfd8
23.Bd5 Be6  1/2-1/2

[Event "MTO"]
[Site "Biel SUI"]
[Date "2001.07.26"]
[Round "4"]
[White "Ramesh,R"]
[Black "Avrukh,B"]
[Result "1-0"]
[WhiteElo "2445"]
[BlackElo "2598"]

1.e4 c5 2.Nf3 d6 3.d4 cxd4 4.Nxd4 Nf6 5.Nc3 Nc6 6.Bg5 e6 7.Qd2 Qb6 8.Nb3 a6
9.O-O-O Be7 10.f3 O-O 11.g4 Qc7 12.Be3 b5 13.g5 Nd7 14.f4 Nb6 15.Qf2 Rb8
16.f5 b4 17.Ne2 Re8 18.f6 Bf8 19.fxg7 Bxg7 20.Ng3 Na4 21.Nd4 Nxd4 22.Rxd4 Bxd4
23.Bxd4 e5 24.Nh5 exd4 25.Nf6+ Kf8 26.Nd5 Qd8 27.Qh4 Re5 28.Nf6 Ke7 29.Bc4 Be6
30.Bxe6 Rxe6 31.Rf1 Qh8 32.Nd5+ Kf8 33.g6 Rb7 34.gxh7 d3 35.e5 Rg6 36.Nf4 Kg7
37.Nxg6 fxg6 38.Rf3 Qc8 39.h8=Q+ Qxh8 40.Qf6+ Kg8 41.Qf8+  1-0

[Event "ch-Paris Open"]
[Site "Paris FRA"]
[Date "2001.07.26"]
[Round "6"]
[White "Calistri,T"]
[Black "Okhotnik,V"]
[Result "1-0"]
[WhiteElo "2305"]
[BlackElo "2446"]

1.e4 c5 2.Nf3 Nc6 3.d4 cxd4 4.Nxd4 Nf6 5.Nc3 d6 6.Bg5 e6 7.Qd2 a6 8.O-O-O Qb6
9.Nb3 Be7 10.f3 O-O 11.g4 Qc7 12.Be3 b5 13.Bd3 Rd8 14.g5 Nd7 15.h4 Nc5 16.Kb1 Bd7
17.g6 Be8 18.gxh7+ Kh8 19.Rdg1 b4 20.Rxg7 Ne5 21.Bd4 Bf6 22.Rg8+ Kxh7 23.Rhg1 Qe7
24.Bxe5 Bxe5 25.Qg2 Qf6 26.Rg5 Qh6 27.Rxe5 Bd7 28.Rh5  1-0

[Event "MTO"]
[Site "Biel SUI"]
[Date "2001.07.27"]
[Round "5"]
[White "Vovsha,E"]
[Black "Riazantsev,A"]
[Result "1/2-1/2"]
[WhiteElo "2382"]
[BlackElo "2509"]

1.e4 c5 2.Nc3 d6 3.Nge2 Nc6 4.d4 cxd4 5.Nxd4 Nf6 6.Bg5 Bd7 7.Qd2 Rc8 8.O-O-O Nxd4
9.Qxd4 Qa5 10.Bd2 a6 11.Kb1 Qc5 12.Qxc5 Rxc5 13.f3 g6 14.Be3 Rc8 15.Bd4 Bg7
16.Nd5 Nh5 17.b3 Be6 18.Bxg7 Nxg7 19.Ne3 f6 20.a4 O-O 21.Kb2 f5 22.exf5 Nxf5
23.Re1 Kf7 24.Bd3 Nxe3 25.Rxe3 Bd5 26.h4 Rc7 27.h5 Kg7 28.c4 Bc6 29.hxg6 hxg6
30.Rhe1 e5 31.Bc2 Rd8 32.c5 dxc5 33.Rxe5 Rd5 34.Rxd5 Bxd5 35.Re5  1/2-1/2

[Event "Czech Open"]
[Site "Pardubice CZE"]
[Date "2001.07.28"]
[Round "9"]
[White "Dobrov,V"]
[Black "Chernyshov,K"]
[Result "1/2-1/2"]
[WhiteElo "2409"]
[BlackElo "2561"]

1.e4 c5 2.Nf3 Nc6 3.d4 cxd4 4.Nxd4 Nf6 5.Nc3 d6 6.Bg5 e6 7.Qd2 a6 8.O-O-O h6
9.Nxc6 bxc6 10.Bf4 d5 11.Qe3 Qe7 12.Be2 Qa7 13.Qf3 Bb7 14.Qg3 d4 15.e5 Nd5
16.Nxd5 cxd5 17.h4 Bc6 18.Rhe1 a5 19.Kb1 g6 20.Bc1 a4 21.h5 g5 22.f4 Be7
23.Qd3 Kd7 24.fxg5 hxg5 25.Rf1 Raf8 26.Bg4 Qc5 27.Qxd4 Bb5 28.Qxc5 Bxc5 29.Rh1 Kc6
30.h6 Rfg8 31.Rh5 Be7 32.Rdh1 Rh7 33.Bd1 Rg6 34.c4 dxc4 35.Bc2 Kc5 36.Bxg5 Bf8
37.Bxg6 fxg6 38.R5h4 Kd5 39.Bf6 a3 40.Rd1+ Kc5 41.Rd8 Bxh6 42.bxa3 Bc6 43.Kb2 Bxg2
44.Rc8+ Kb5 45.Rcxc4 g5 46.a4+ Ka6 47.Bxg5 Bd5 48.Bxh6 Bxc4 49.Rxc4 Rxh6
50.Kc3 Kb7 51.a5 Rh2 52.a4 Re2 53.Kd4 Rd2+ 54.Ke4 Ra2 55.Rb4+ Ka7 56.Rd4 Re2+
57.Kf4 Rf2+ 58.Ke3 Ra2 59.Rd6 Rxa4 60.Rxe6 Rxa5 61.Kf4 Kb7 62.Rd6 Kc7 63.Rd3 Ra8
64.e6 Re8  1/2-1/2

[Event "ch-Paris Open"]
[Site "Paris FRA"]
[Date "2001.07.28"]
[Round "8"]
[White "Shchekachev,A"]
[Black "Inkiov,V"]
[Result "1-0"]
[WhiteElo "2546"]
[BlackElo "2470"]

1.e4 c5 2.Nf3 d6 3.d4 cxd4 4.Nxd4 Nf6 5.Nc3 Nc6 6.Bg5 e6 7.Qd2 Be7 8.O-O-O Nxd4
9.Qxd4 O-O 10.f3 Qa5 11.Bd2 Qc5 12.Qxc5 dxc5 13.Bf4 Rd8 14.Rxd8+ Bxd8 15.Bd6 b6
16.Bb5 Bb7 17.Rd1 h6 18.a4 a6 19.Be2 Bc6 20.Bf4 Be7 21.Kb1 Kf8 22.Bc7 Nd7
23.Bb5 Bxb5 24.axb5 Ke8 25.bxa6 Rxa6 26.Nb5 Ra8 27.c4 f6 28.Kc2 e5 29.Bxe5 Kd8
30.Bc3 Kc8 31.f4 Nf8 32.e5 f5 33.e6 g6 34.Re1 Kb7 35.Bg7 h5 36.Bxf8 Rxf8
37.Ra1 Re8 38.Ra7+ Kb8 39.Rd7 Bf6 40.Nc7  1-0

[Event "Keres Mem Open"]
[Site "Tallinn EST"]
[Date "2001.07.28"]
[Round "5"]
[White "Keskel,M"]
[Black "Kanep,M"]
[Result "1-0"]
[WhiteElo "2067"]
[BlackElo "2318"]

1.e4 c5 2.Nf3 d6 3.d4 cxd4 4.Nxd4 Nf6 5.Nc3 Nc6 6.Bg5 e6 7.Qd2 a6 8.Be2 h6
9.Be3 Be7 10.O-O Qc7 11.Kh1 b5 12.Nxc6 Qxc6 13.Bf3 e5 14.a4 bxa4 15.Rxa4 O-O
16.Rfa1 Bd7 17.Be2 Rfb8 18.Rxa6 Nxe4 19.Qe1 Rxa6 20.Rxa6 Qc8 21.Nxe4 Qxc2
22.Ng3 Rxb2 23.Ra1 f5 24.Rc1 Qa4 25.Qc3 Rb8 26.Ra1 Qh4 27.Qc7 Rd8 28.Bb6 Be6
29.Ra7 Bf6 30.Nxf5 Qe4 31.Ng3 Qb1+ 32.Nf1 Kh8 33.Be3 d5 34.Qc1 Qg6 35.Ng3 d4
36.Bd2 Rb8 37.Ra1 e4 38.Bh5 Qh7 39.Bf4 Rc8 40.Qa3 d3 41.Rc1 Rd8 42.Qb4 g5
43.Be3 Bd5 44.Bd4 Bxd4 45.Qxd4+ Qg7 46.Qxg7+ Kxg7 47.Nf5+ Kf6 48.Ne3 Ke5
49.Rc5 Kd4 50.Rxd5+ Rxd5 51.Nxd5 Kxd5 52.Kg1 Kd4 53.Kf1 e3 54.fxe3+ Kxe3
55.Ke1 d2+ 56.Kf1 Kd3 57.Bd1 Ke3 58.Kg1 Ke4 59.Kf2 Kd3 60.g3 Ke4 61.Ke2 Kf5
62.Kxd2 g4 63.Ke3 h5 64.Bc2+ Ke5 65.Bg6 h4 66.Bd3 hxg3 67.hxg3  1-0

[Event "MTO"]
[Site "Biel SUI"]
[Date "2001.07.30"]
[Round "7"]
[White "Pikula,D"]
[Black "Tukmakov,V"]
[Result "1/2-1/2"]
[WhiteElo "2458"]
[BlackElo "2604"]

1.e4 c5 2.Nf3 d6 3.d4 cxd4 4.Nxd4 Nf6 5.Nc3 Nc6 6.Bg5 e6 7.Qd2 a6 8.O-O-O Nxd4
9.Qxd4 Be7 10.f4 b5 11.Bxf6 gxf6 12.f5 Qc7 13.fxe6 fxe6 14.e5 fxe5 15.Qg4 Bd7
16.Qg7 Rf8 17.Be2 Bc6 18.Rhf1 O-O-O 19.Bg4 Qd7 20.Rxf8 Rxf8 21.a4 b4 22.Nd5 Bxd5
23.Rxd5 Rf1+  1/2-1/2

[Event "MTO"]
[Site "Biel SUI"]
[Date "2001.07.31"]
[Round "8"]
[White "Vuckovic,Bo"]
[Black "Schwartz,Y"]
[Result "1-0"]
[WhiteElo "2497"]
[BlackElo "2281"]

1.e4 c5 2.Nf3 d6 3.d4 cxd4 4.Nxd4 Nf6 5.Nc3 Nc6 6.Bg5 Bd7 7.Be2 a6 8.Bxf6 gxf6
9.Nf5 Bc8 10.a4 e6 11.Ne3 Be7 12.O-O O-O 13.Qd2 b6 14.Rad1 Qc7 15.f4 Bb7
16.Rf3 Kh8 17.Kh1 Rg8 18.Rh3 Rg7 19.Rh5 Rag8 20.Rf1 f5 21.exf5 d5 22.Bd3 d4
23.Ng4 dxc3 24.Qxc3 Qd8 25.Rxh7+ Kxh7 26.f6+ Rg6 27.Be4 Rh8 28.fxe7 Nxe7
29.Nf6+ Kg7 30.Nh5+ Kg8 31.Bxg6  1-0

[Event "MTO"]
[Site "Biel SUI"]
[Date "2001.08.01"]
[Round "9"]
[White "Kobalija,M"]
[Black "Avrukh,B"]
[Result "1/2-1/2"]
[WhiteElo "2595"]
[BlackElo "2598"]

1.e4 c5 2.Nf3 d6 3.d4 cxd4 4.Nxd4 Nf6 5.Nc3 Nc6 6.Bg5 e6 7.Qd2 Be7 8.O-O-O O-O
9.f4 h6 10.Bh4 Nxd4 11.Qxd4 Qa5 12.Bc4  1/2-1/2

[Event "It"]
[Site "Nikolaev UKR"]
[Date "2001.08.01"]
[Round "1"]
[White "Bondarchuk,S"]
[Black "Kalygin,S"]
[Result "0-1"]
[WhiteElo "2354"]
[BlackElo "2439"]

1.e4 c5 2.Nf3 Nc6 3.d4 cxd4 4.Nxd4 Nf6 5.Nc3 d6 6.Bg5 e6 7.Qd2 a6 8.Be2 h6
9.Bh4 Bd7 10.f4 Qc7 11.O-O-O Be7 12.Nf3 O-O-O 13.h3 Kb8 14.Kb1 Bc8 15.Qe3 Rhe8
16.Bf2 Nd7 17.Nd4 b6 18.Nxc6+ Qxc6 19.Bf3 Bb7 20.Ne2 Qc7 21.Rc1 d5 22.e5 Bc5
23.Nd4 f6 24.Rhe1 g5 25.g3 fxe5 26.fxe5 Bxd4 27.Qxd4 Rf8 28.Bg4 Qc5 29.Re2 Qe7
30.Bg1 Rc8 31.b3 a5 32.Rf2 Rxf2 33.Bxf2 Rf8 34.Bg1 Ba6 35.Kb2 Nc5 36.a3 Rc8
37.Re1 Qc7 38.Rc1 Nd3+  0-1

[Event "HZ Open"]
[Site "Vlissingen NED"]
[Date "2001.08.02"]
[Round "7"]
[White "Lobzhanidze,D"]
[Black "Werle,J"]
[Result "1-0"]
[WhiteElo "2501"]
[BlackElo "2412"]

1.e4 c5 2.Nf3 d6 3.d4 cxd4 4.Nxd4 Nf6 5.Nc3 Nc6 6.Bg5 e6 7.Qd2 a6 8.O-O-O h6
9.Be3 Be7 10.f3 Nxd4 11.Bxd4 b5 12.Kb1 Qa5 13.Qf2 Rb8 14.e5 b4 15.exf6 bxc3
16.b3 gxf6 17.Qe1 e5 18.Bxc3 Qc5 19.Bb2 a5 20.Bc4 Be6 21.Bxe6 fxe6 22.f4 a4
23.fxe5 fxe5 24.Qe4 axb3 25.cxb3 Rf8 26.Qg6+ Kd7 27.Rhe1 Rf6 28.Qg7 Rf5 29.g4 Rg5
30.h4 Rxg4 31.Bxe5 Rb6 32.Bf6 d5 33.Bxe7 Qxe7 34.Rxd5+ Rd6 35.Rxd6+ Kxd6
36.Rd1+  1-0

[Event "FSGM August"]
[Site "Budapest HUN"]
[Date "2001.08.04"]
[Round "1"]
[White "Castaneda,N"]
[Black "Dembo,Y"]
[Result "0-1"]
[WhiteElo "2341"]
[BlackElo "2391"]

1.e4 c5 2.Nf3 Nc6 3.d4 cxd4 4.Nxd4 Nf6 5.Nc3 d6 6.Bg5 e6 7.Qd2 Be7 8.O-O-O O-O
9.f4 Nxd4 10.Qxd4 h6 11.Bh4 Qa5 12.g4 e5 13.Qg1 exf4 14.g5 hxg5 15.Bxg5 Qe5
16.Bh6 Ng4 17.Rd5 Nxh6 18.Rxe5 dxe5 19.Nd5 Bd8 20.Qc5 Be6 21.Be2 b6 22.Qd6 Bxd5
23.Qxd5 Rc8 24.Rg1 Bf6 25.Qb7 Rc5 26.Qxa7 Ra5 27.Qxb6 Rxa2 28.Kd2 Kh7 29.Bc4 Raa8
30.b3 Rad8+ 31.Ke2 Rd4 32.Bd5 Nf5 33.Qc5 Rd8 34.c3 f3+ 35.Kxf3 Rd2 36.h3 Nh4+
37.Ke3 Rh2 38.Rg3 Ng2+ 39.Rxg2 Rxg2 40.Kf3 Rc2 41.Qc7 Rxd5 42.exd5 Rxc3+
43.Qxc3 e4+ 44.Kxe4 Bxc3 45.d6 Kg6 46.d7 f5+ 47.Kd5 Ba5 48.b4 Bd8 49.b5 f4
50.Kc6 f3 51.b6 f2 52.b7 f1=Q 53.b8=Q Qc4+ 54.Kb7 Qb5+ 55.Kc8 Qxb8+ 56.Kxb8 Kg5
57.Kc8 Bf6 58.Kc7 Kh4 59.Kd6 Kxh3 60.Ke6 Bd8  0-1

[Event "Rapidplay"]
[Site "Liepaja LAT"]
[Date "2001.08.04"]
[Round "9"]
[White "Sadvakasov,D"]
[Black "Dlugy,M"]
[Result "0-1"]
[WhiteElo "2568"]
[BlackElo "2531"]

1.e4 c5 2.Nf3 d6 3.d4 cxd4 4.Nxd4 Nf6 5.Nc3 Nc6 6.Bg5 e6 7.Qd2 a6 8.O-O-O h6
9.Bf4 Bd7 10.Nxc6 Bxc6 11.f3 d5 12.Qe1 Bb4 13.a3 Ba5 14.exd5 Nxd5 15.b4 Nxf4
16.Rxd8+ Bxd8 17.h4 O-O 18.Qe3 Nd5 19.Nxd5 Bxd5 20.Bd3 a5 21.b5 Be7 22.c4 Rac8
23.Qe2 b6 24.Kb2 Bb7 25.g4 Rfd8 26.Rh3 Rd4 27.g5 Rcd8 28.f4 Rxf4 29.gxh6 Bc5
30.Bc2 gxh6 31.Rd3 Bd4+ 32.Ka2 e5 33.Qe1 Kf8 34.Rd2  0-1

[Event "Inline Czechia Cup"]
[Site "Olomouc CZE"]
[Date "2001.08.04"]
[Round "4"]
[White "Plasgura,P"]
[Black "Obsivac,J"]
[Result "0-1"]
[WhiteElo "2234"]
[BlackElo "2361"]

1.e4 c5 2.Nf3 Nc6 3.d4 cxd4 4.Nxd4 Nf6 5.Nc3 d6 6.Bg5 Bd7 7.Nb3 Na5 8.f4 h6
9.Bh4 g5 10.fxg5 hxg5 11.Bxg5 Ng4 12.Qd2 Rc8 13.Nb5 f6 14.Nxa5 fxg5 15.Nd4 Ne5
16.Nab3 g4 17.Qg5 Qb6 18.Be2 Bh6 19.Qh5+ Kd8 20.Kd1 Kc7 21.a4 Be3 22.Qxh8 Rxh8
23.a5 Qxd4+ 24.Nxd4 Bxd4 25.c3 Be3 26.Kc2 Bc6 27.Bd3 Nxd3 28.Kxd3 Bf4 29.g3 Be5
30.Raf1 Bd7 31.Rfg1 Be6 32.Rg2 Rf8 33.Re1 Kc6 34.Re3 Bb3  0-1

[Event "FSGM August"]
[Site "Budapest HUN"]
[Date "2001.08.06"]
[Round "3"]
[White "Arnold,L"]
[Black "Breder,D"]
[Result "1/2-1/2"]
[WhiteElo "2408"]
[BlackElo "2411"]

1.e4 c5 2.Nf3 d6 3.d4 Nf6 4.Nc3 cxd4 5.Nxd4 Nc6 6.Bg5 e6 7.Qd2 Be7 8.O-O-O O-O
9.f4 Nxd4 10.Qxd4 Qa5 11.Bc4 Bd7 12.e5 dxe5 13.fxe5 Bc6 14.Bd2 Nd7 15.Nd5 Qc5
16.Nxe7+ Qxe7 17.Rhe1 Rfd8 18.Qg4 Nf8 19.Bd3 Rxd3 20.cxd3 Qc5+ 21.Kb1 Qd5
22.Bb4 Ng6 23.Bd6  1/2-1/2

[Event "Stork YM"]
[Site "Hengelo NED"]
[Date "2001.08.06"]
[Round "1"]
[White "Vink,N"]
[Black "Werle,J"]
[Result "1/2-1/2"]
[WhiteElo "2281"]
[BlackElo "2412"]

1.e4 c5 2.Nf3 d6 3.d4 cxd4 4.Nxd4 Nf6 5.Nc3 Nc6 6.Bg5 e6 7.Qd2 a6 8.O-O-O h6
9.Be3 Be7 10.Be2 Nxd4 11.Qxd4 Qa5 12.Qb6 Qxb6 13.Bxb6 Bd7 14.f4 Bc6 15.Bf3 Rc8
16.Rhe1 g5 17.g3 Rg8 18.Rd3 Nd7 19.Bf2 b5 20.a3 g4 21.Bd1 Nc5 22.Rd2 a5 23.Bxc5 dxc5
24.e5 c4 25.Ne4 Bxe4 26.Rxe4 Bc5 27.c3 a4 28.Re1 Ke7 29.Bc2 Rcd8 30.Be4 Rxd2
31.Kxd2 Kd7 32.Ke2 h5 33.Rh1 h4 34.gxh4 Rh8 35.h3 g3 36.Bg2 Rxh4 37.Kf3 Bf2
38.Rd1+ Ke7 39.Ke4 f6 40.exf6+ Kxf6 41.Rd8 Rh5 42.Rd7 Bc5 43.Kf3 Rd5 44.Rxd5 exd5
45.Kxg3 Ke6 46.f5+ Ke5 47.f6 Kxf6 48.Bxd5 Be3 49.Bc6  1/2-1/2

[Event "FSGM August"]
[Site "Budapest HUN"]
[Date "2001.08.07"]
[Round "4"]
[White "Balogh,C"]
[Black "Castaneda,N"]
[Result "1/2-1/2"]
[WhiteElo "2347"]
[BlackElo "2341"]

1.e4 c5 2.Nf3 Nc6 3.d4 cxd4 4.Nxd4 Nf6 5.Nc3 d6 6.Bg5 e6 7.Qd2 a6 8.O-O-O h6
9.Be3 Qc7 10.f3 Be7 11.g4 b5 12.Nxc6 Qxc6 13.Ne2 Bb7 14.Nd4 Qc7 15.Kb1 d5
16.e5 Nd7 17.f4 Nc5 18.Bd3 Ne4 19.Bxe4 dxe4 20.Qf2 O-O-O 21.Rd2 Bd5 22.Rhd1 Kb7
23.Nb3 Rc8 24.Bd4 Rhd8 25.Qe3 Bb4 26.Rf2 Rd7 27.a3 Bf8 28.Rfd2 Be7 29.Bc3 Ka8
30.Bb4 Qa7 31.Rd4 Rc4 32.Bxe7 Rxe7 33.Qe2 Rec7 34.Rxc4 bxc4 35.Nc1 Qc5 36.c3 Rb7
37.Ka1 Ka7 38.Rd4 f6 39.exf6 gxf6 40.f5 e5 41.Rd1 Bc6 42.h3 e3 43.Re1 Rd7
44.Qxe3 Qxe3 45.Rxe3 Rd1 46.Kb1 Rh1 47.b3 Kb6 48.bxc4 Kc5 49.Kb2 Kxc4 50.Re2 Bf3
51.Rd2 Rxh3 52.Nb3 Bxg4 53.Na5+ Kb5 54.Rd5+ Ka4 55.Nc4 Rh2+ 56.Nd2 Bxf5 57.c4 Be6
58.Rd6 Bxc4 59.Kc3 Bb5 60.Rxf6 Kxa3 61.Nc4+ Bxc4 62.Rxa6+ Bxa6  1/2-1/2

[Event "Stork YM"]
[Site "Hengelo NED"]
[Date "2001.08.07"]
[Round "4"]
[White "Zhigalko,A"]
[Black "Werle,J"]
[Result "0-1"]
[WhiteElo "2400"]
[BlackElo "2412"]

1.e4 c5 2.Nf3 d6 3.d4 cxd4 4.Nxd4 Nf6 5.Nc3 Nc6 6.Bg5 e6 7.Qd2 a6 8.O-O-O h6
9.Be3 Be7 10.f3 Nxd4 11.Bxd4 b5 12.Kb1 Rb8 13.Ba7 Rb7 14.Be3 b4 15.Ne2 d5
16.Nd4 Rb6 17.e5 Nd7 18.f4 Nc5 19.Nb3 Ne4 20.Qe1 Rb8 21.Bd3 Qc7 22.Bxe4 dxe4
23.Qf2 Rb5 24.Rd2 Bb7 25.Nd4 Rd5 26.Qg3 O-O 27.Qg4 Kh8 28.Qh5 Bc5 29.f5 Qxe5
30.Rhd1 exf5 31.Bxh6 gxh6 32.Nc6 Bxc6 33.Rxd5 Bxd5 34.Qxh6+ Kg8 35.Rxd5 Qe6
36.Qxe6 fxe6 37.Rxc5 Rd8 38.Kc1 Kf7 39.c3 bxc3 40.Rxc3 Kf6 41.g3 Rd5 42.Rc2 Kg5
43.Rd2 Kg4 44.Kd1 Kf3 45.Rxd5 exd5 46.Ke1 d4 47.h4 d3 48.h5 e3 49.h6  0-1

[Event "US Open"]
[Site "Framingham USA"]
[Date "2001.08.08"]
[Round "5"]
[White "Paschall,W"]
[Black "Shahade,J"]
[Result "1/2-1/2"]
[WhiteElo "2390"]
[BlackElo "2286"]

1.e4 c5 2.Nf3 Nc6 3.d4 cxd4 4.Nxd4 Nf6 5.Nc3 d6 6.Bg5 Bd7 7.Be2 Qa5 8.Bxf6 gxf6
9.O-O Nxd4 10.Qxd4 Rc8 11.Nd5 Qc5 12.Qd2 Qxc2 13.Qe3 Bh6 14.Qxh6 Qxe2 15.Qg7 Rf8
16.Rac1 Bc6 17.b4 Kd7 18.Qxh7 Qg4 19.f3 Qg6 20.Qh3+ e6 21.Nc3 Rh8 22.Qg3 Qxg3
23.hxg3 b6 24.Rfd1 Ke7 25.g4 Bd7 26.Ne2 Ba4 27.Re1 a5 28.a3 axb4 29.axb4 Kd7
30.Ra1 Ra8 31.Rec1 Bc6 32.Nd4 Bb7 33.Rxa8 Rxa8 34.Nb5 Bc6 35.Nd4 Rc8 36.Kf2 d5
37.exd5 Bxd5 38.Rxc8 Kxc8 39.Ke3 Kd7 40.Kd3 Bb7 41.Kc4 Ba8 42.Kc3 Kd6 43.g3 Kd5
44.Nc2 Bb7 45.Ne3+ Kc6 46.f4 Kb5 47.Kb3 Bf3 48.Kc3 Kc6 49.Kd4 Be2 50.Kc3 Ba6
51.Kb3 Bc8 52.Kc3 Bd7 53.Kb3 Kb5 54.Nc4 e5 55.Ne3 Bc6 56.Kc3 Ka4 57.g5 fxg5
58.fxe5 Kb5 59.Nc2 Ka4 60.Ne3 Kb5 61.Nc2  1/2-1/2

[Event "Stork YM"]
[Site "Hengelo NED"]
[Date "2001.08.08"]
[Round "6"]
[White "Firman,N"]
[Black "Werle,J"]
[Result "0-1"]
[WhiteElo "2511"]
[BlackElo "2412"]

1.e4 c5 2.Nf3 d6 3.d4 cxd4 4.Nxd4 Nf6 5.Nc3 Nc6 6.Bg5 e6 7.Qd2 a6 8.O-O-O h6
9.Be3 Be7 10.f3 Nxd4 11.Bxd4 b5 12.Kb1 Rb8 13.Bxf6 gxf6 14.Bd3 b4 15.Ne2 Qa5
16.Nf4 Qc5 17.g4 a5 18.Nh5 Bd7 19.f4 a4 20.Rhf1 Bc6 21.Qe2 a3 22.Bc4 axb2
23.f5 Bb5 24.Bxb5+ Qxb5 25.Qxb5+ Rxb5 26.fxe6 fxe6 27.Nxf6+ Kd8 28.Nh5 Kd7
29.Rf7 Rf8 30.Rxf8 Bxf8 31.Kxb2 Re5 32.Rd4 Rxh5 33.gxh5 Bg7 34.c3 bxc3+ 35.Kxc3 Kc6
36.Kc4 Bxd4 37.Kxd4 Kb5 38.e5 d5 39.Kc3 Ka4 40.Kb2 Kb4 41.Kc2 Kc4  0-1

[Event "8th Open"]
[Site "Nice FRA"]
[Date "2001.08.08"]
[Round "4"]
[White "Gachet,S"]
[Black "Inkiov,V"]
[Result "0-1"]
[WhiteElo "2211"]
[BlackElo "2470"]

1.e4 c5 2.Nf3 d6 3.d4 cxd4 4.Nxd4 Nf6 5.Nc3 Nc6 6.Bg5 e6 7.Qd2 Be7 8.O-O-O O-O
9.f4 Nxd4 10.Qxd4 Qa5 11.Bc4 Bd7 12.Rd3 Bc6 13.Rg3 Kh8 14.h4 Rad8 15.Qe3 Qc5
16.Qxc5 dxc5 17.Re3 a6 18.Be2 Ng8 19.Bxe7 Nxe7 20.Bf3 Rd4 21.Ne2 Rd7 22.Rd1 Rxd1+
23.Kxd1 Ng6 24.g3 e5 25.Rc3 exf4 26.Nxf4 Ne5 27.Be2 Nd7 28.Bf3 Re8 29.Nd5 g6
30.Bg2 Kg7 31.Kd2 Re5 32.Re3 Kf8 33.c4 Kg7 34.b3 Re8 35.Rf3 Ne5 36.Rf4 b5
37.Kc3 bxc4 38.bxc4 Rb8 39.Rf2 Rb1 40.Kc2 Re1 41.Nc7 Re3 42.Bf1 Bxe4+ 43.Kb2 Bd3
44.Ne8+ Kf8 45.Nd6 Ke7 46.Nc8+ Kd8 47.Nb6 Rxg3 48.Rd2 Kc7 49.Nd5+ Kd6 50.Bxd3 Rxd3
51.Rxd3 Nxd3+ 52.Kc3 Nb4 53.Nf6 Nxa2+ 54.Kb2 Nb4 55.Nxh7 Nd3+ 56.Kc3 Ne5
57.Nf6 Nd7 58.Ne8+ Ke5 59.Nc7 Kf4 60.Nxa6 Kg4 61.Kd3 Kxh4 62.Ke2 Kg3 63.Nc7 f5
64.Ne6 f4 65.Ng5 Kg4 66.Nf3 g5 67.Kf2 Kf5 68.Kg2 g4 69.Nd2 Nf6  0-1

[Event "7th Stage Russian Cup"]
[Site "Togliatty RUS"]
[Date "2001.08.08"]
[Round "1"]
[White "Frolyanov,D"]
[Black "Ovetchkin,R"]
[Result "0-1"]
[WhiteElo "2286"]
[BlackElo "2511"]

1.e4 c5 2.Nf3 d6 3.d4 Nf6 4.Nc3 cxd4 5.Nxd4 Nc6 6.Bg5 Bd7 7.Nb3 Rc8 8.Bd3 e6
9.O-O a6 10.f4 Be7 11.Qe2 Qc7 12.Rae1 h6 13.Bh4 Nxe4 14.Nxe4 Bxh4 15.Qg4 Bf6
16.Nxf6+ gxf6 17.Qh4 Ke7 18.Nd2 d5 19.c4 Nb4 20.Bb1 dxc4 21.f5 Rhf8 22.Ne4 Nd5
23.fxe6 fxe6 24.Qxh6 Qb6+ 25.Kh1 Qxb2 26.Qg7+ Rf7 27.Qg6 f5 28.Nd6 Kxd6 29.Qxf7 Qf6
30.Qh5 Kc7 31.Qf3 Rg8 32.Rc1 b5 33.Qf2 Bc6 34.Be4 Kb7 35.Bf3 e5 36.a4 e4
37.axb5 axb5 38.Be2 f4 39.Bxc4 e3 40.Qe1 bxc4 41.Rxc4 Nb6 42.Rc2 f3 43.Rxf3 Qxf3  0-1

[Event "7th Stage Russian Cup"]
[Site "Togliatty RUS"]
[Date "2001.08.09"]
[Round "2"]
[White "Kadatsky,A"]
[Black "Loginov,Va"]
[Result "0-1"]
[WhiteElo "2258"]
[BlackElo "2507"]

1.e4 c5 2.Nf3 d6 3.d4 cxd4 4.Nxd4 Nf6 5.Nc3 Nc6 6.Bg5 e6 7.Qd2 a6 8.O-O-O Qb6
9.Nb3 Bd7 10.f3 Rc8 11.g4 Ne5 12.Be2 Qc7 13.f4 Nexg4 14.Bxg4 Nxg4 15.h3 Nf6
16.e5 dxe5 17.fxe5 Nd5 18.Ne4 h6 19.Bh4 Qxe5 20.Rhe1 Qf4 21.Qxf4 Nxf4 22.Bg3 Nxh3
23.Rh1 Bc6 24.Nbd2 f5 25.Rxh3 fxe4 26.Be5 Rd8 27.Re1 Bd6 28.Bxg7 Bf4 29.Bc3 Rg8
30.Rh4 Bg5 31.Rh2 e3 32.Nc4 e2+ 33.Bd2 Bf3 34.c3 b5 35.Ne3 Bxe3  0-1

[Event "Stork YM"]
[Site "Hengelo NED"]
[Date "2001.08.10"]
[Round "8"]
[White "Vink,N"]
[Black "Berkvens,J"]
[Result "0-1"]
[WhiteElo "2281"]
[BlackElo "2444"]

1.e4 c5 2.Nf3 Nc6 3.d4 cxd4 4.Nxd4 Nf6 5.Nc3 d6 6.Bg5 Bd7 7.Qd2 Rc8 8.f3 a6
9.Nxc6 Bxc6 10.a4 e6 11.Bc4 Be7 12.Bb3 O-O 13.O-O d5 14.exd5 Nxd5 15.Bxe7 Nxe7
16.Rad1 Nf5 17.Qf2 Qe7 18.Rd3 Rfd8 19.Rfd1 Rxd3 20.Rxd3 Rd8 21.Rxd8+ Qxd8
22.Bc4 Qd6 23.b3 Qe5 24.Nd1 h5 25.Bd3 Qa1 26.Qf1 Nd4 27.Ne3 Qc3 28.Qd1 Qc5
29.Kf2 h4 30.h3 f5 31.f4 Qd6 32.g3 hxg3+ 33.Kxg3 g5 34.Ng2 Bf3 35.Qf1 Bxg2
36.Kxg2 gxf4 37.Kf2 Kf7 38.Qd1 Kg7 39.Qg1+ Kh6 40.Qg8 Qe5 41.Kf1 Nf3 42.Qf8+ Qg7
43.Qc5 Nh4 44.Qf2 Qg3 45.Bc4 Qxh3+ 46.Ke2 f3+ 47.Kd3 f4 48.Bxe6 Qg3 49.Qb6 f2+
50.Kd2 Qe3+ 51.Qxe3 fxe3+ 52.Ke2 Kg5 53.Bc8 Nf5  0-1

[Event "FSIMB August"]
[Site "Budapest HUN"]
[Date "2001.08.11"]
[Round "8"]
[White "Jamrich,G"]
[Black "Balogh,V"]
[Result "1-0"]
[WhiteElo "2246"]
[BlackElo "2234"]

1.e4 c5 2.Nf3 d6 3.d4 cxd4 4.Nxd4 Nf6 5.Nc3 Nc6 6.Bg5 a6 7.Be2 Qb6 8.Nb3 e6
9.O-O Be7 10.Kh1 O-O 11.Bxf6 gxf6 12.f4 Kh8 13.Bh5 Qc7 14.a4 b6 15.Rf3 Bb7
16.Qd2 Rac8 17.Rh3 Nd8 18.f5 Rg8 19.fxe6 fxe6 20.Qh6 Rg7 21.Nd4 Qc5 22.Nf3 Nf7
23.Bxf7 Rxf7 24.Nh4 Bf8 25.Ng6+ Kg8 26.Nxf8 Rcxf8 27.Rf1 Qe5 28.Rf4 Rg7 29.Rg4 f5
30.Rxg7+ Qxg7 31.Rg3 Qxg3 32.Qxe6+ Rf7 33.hxg3  1-0